Milli eğitim gençlik ve spor istatistikleri=Statistics of national education youth and sports (Record no. 6460)

MARC details
000 -BAŞLIK
Sabit Uzunlukta Kontrol Alanı 00870na a2200229 4500
001 - KONTROL NUMARASI
Denetim Alanı 19586
003 - KONTROL NUMARASI IDENTIFIER
Denetim Alanı MIRAKIL
005 - SON İŞLEM TARİHİ VE ZAMANI
Denetim Alanı 20181213155108.0
008 - SABİT-BOY VERİ ELEMANLARI - GENEL BİLGİLER
Sabit Uzunlukta Kontrol Alanı 161219b tu 000 0
040 ## - KATALOGLAMA KAYNAK
Orijinal Kataloglama Ajansı Milas
Kataloglama Dili tur
Metne Dönüştürmek Ajansı TR-AnCHP
041 ## - DİL KODU
Metin / Ses Parça Veya Ayrı Başlığın Dil Kodu tur
082 ## - DEWEY ONLU SINIFLANDIRMA NUMARASI
Sınıflandırma Numarası 370.021
Ürün Numarası M54 1987
090 ## - SINIFLAMA NUMARASI
Sınıflama Numarası 370.021 M54 1987
245 ## - BAŞLIK TABLOSU
Başlık Milli eğitim gençlik ve spor istatistikleri=Statistics of national education youth and sports
Başlığın Kalan 1986-1987 öğretim yılı=1986-1987 school year
Sorumluluk Tablosu, Vb Milli Eğitim Gençlik ve Spor Bakanlığı
260 ## - YAYIN, DAĞITIM, VB
Yayın, Dağıtım, Vb Yeri Ankara
Yayıncı, Dağıtıcı, Vs Adı Milli Eğitim Gençlik ve Spor Bakanlığı
Yayın, Dağıtım, Vb Tarihi 1987
300 ## - FİZİKSEL TANIM
Kapsam xxvii, 602 s.
Diğer Fiziksel Ayrıntıları tbl.
Boyutlar 28 sm.
610 ## - KONU KATMA GİRİŞ - TOPLANTI ADI
Giriş Elemanı Olarak Kurumsal Ad Veya Yargı Alanı Adı Milli Eğitim Gençlik ve Spor Bakanlığı
Genel Alt Bölüm İstatistikler
650 ## - KONU KATMA GİRİŞ - TOPİKAL DÖNEM
Topikal Süreli Veya Coğrafi Ad Giriş Elemanı Spor
Genel Alt Bölümü İstatistikler
650 ## - KONU KATMA GİRİŞ - TOPİKAL DÖNEM
Topikal Süreli Veya Coğrafi Ad Giriş Elemanı Milli eğitim
Genel Alt Bölümü İstatistikler
710 ## - KATMA GİRİŞ - KURUMSAL ADI
Giriş Elemanı Olarak Kurumsal Ad Veya Yargı Alanı Adı Milli Eğitim Gençlik ve Spor Bakanlığı
942 ## - EKLENDİ GİRİŞ ELEMANLARI (KOHA)
Sınıflandırma Veya Raf Düzeni Kaynak Dewey Decimal Classification
Koha Öğesi Türü Books
999 ## - SİSTEM KONTROL NUMARALARI (KOHA)
Koha Biblionumber 6460
Koha Biblioitemnumber 6460
Holdings
Kalıcı Konum Mevcut Konum Edinme Tarihi Edinim Kaynak Toplam Check-Out'Lar Tam Çağrı Numarası Barkod Tarih Son Görülme İtibaren Geçerli Fiyatlar Koha Öğesi Türü
CHP Kütüphanesi CHP Kütüphanesi 12/19/2016 Bağış   370.021 M54 1987 011636 12/19/2016 12/19/2016 Books